000 00852cas a2200229 4500
005 20171003110143.0
008 750727d19681973enktr m 0 0eng c
022 _a0066-1856
040 _aMUL
_cMUL
_dFUL
_dIUL
_dHUL
_dDLC
_dSER
_dNST
_dNLM
_dIUL
_dLVB
_dOCLCQ
_dHEBIS
_dDEBBG
_dGBVCP
_dOCLCQ
_dUKMGB
_dOCLCQ
_dOCLCF
_dDLC
_dOCLCO
_dCO-BoIAVH
041 0 _aeng
044 _aenk
090 _aSE-
245 0 0 _aAnimal behaviour monographs.
260 _aLondres (Inglaterra),
_bBaillière, Tindall & Cassell.
_c1968.
300 _bilustraciones ;
_c25 cm.
310 _at
321 _a0
650 2 6 _aComportamiento animal
_vPublicaciones periódicas
650 2 6 _aBiología animal
_vPublicaciones periódicas
776 0 8 _iOnline version:
_tAnimal behaviour monographs
_x2374-8532
_w(DLC) 2014201967
_w(OCoLC)608488623
942 _2ddc
_cARTICULO
_s1
999 _c17348
_d17348